Exploring Perceptions on Streaming Platform Market: Assessment of Differences between Consumers
Skúmanie rozdielov vo vnímaní atribútov streamovacích platforiem v rôznych oblastiach demografických skupín, rozdelených podľa pohlavia, úrovne štúdia a pracovného postavenia.
Na minha lista:
| Autor principal: | |
|---|---|
| Outros Autores: | |
| Formato: | Capítulo de Livro |
| Idioma: | inglês |
| Assuntos: | |
| Tags: |
Sem tags, seja o primeiro a adicionar uma tag!
|
MARC
| LEADER | 00000naa$a2200000$$$4500 | ||
|---|---|---|---|
| 001 | 0306344 | ||
| 005 | 20250122093403.1 | ||
| 041 | 0 | |a eng | |
| 044 | |a CZ | ||
| 245 | 1 | 0 | |a Exploring Perceptions on Streaming Platform Market: Assessment of Differences between Consumers |c Vladimír Hojdik, Dana Hrušovská |
| 520 | |a Skúmanie rozdielov vo vnímaní atribútov streamovacích platforiem v rôznych oblastiach demografických skupín, rozdelených podľa pohlavia, úrovne štúdia a pracovného postavenia. | ||
| 610 | 2 | 0 | |a platformy digitálne |
| 610 | 2 | 0 | |a priemysel kreatívny |
| 610 | 2 | 0 | |a priemysel kultúrny |
| 610 | 2 | 0 | |a priemysel umelecký |
| 610 | 2 | 0 | |a spotrebitelia |
| 100 | 1 | |a Hojdik, Vladimír, 1992- | |
| 700 | 1 | |a Hrušovská, Dana, 1964- | |